000 01155nam a2200241Ia 4500
003 OSt
005 20250411144248.0
008 200826s9999||||xx |||||||||||||| ||und||
020 _a9789866355189
020 _a9866355187
040 _c0
041 _achi
050 _aBR1285
_b.Y364 1977
100 _a楊其耀
245 0 _a福音聖教與華人
_b /
_c楊其耀
246 _a福音圣教与华人
_b/
260 _a台北市 :
_b中華福音學院出版,
_c1977
300 _a160 p.
_b ;
_c22 cm.
505 _a第一章 緒論 基督教是世界十大宗教中最大之一,自救主捨命完成恩功,復活升天至今已有了二千年的歷史。記得當時主耶穌曾經吩咐門徒說:「你們要往普天下去,傳福音給萬民聽,信而受洗者必然得救,不信的必被定罪。」關心基督最大使命的聖徒信眾們必須誠墾省察:到底福音有沒有傳給萬民?普天下各國各族各方各民有沒有機會作信與不信的抉擇?我們對末世宣道工作盡了多少責任?捨負什麼角色?
650 _aChristianity China.
650 _aChristianity.
942 _2ddc
_cCB
999 _c11577
_d11577